LEADER 01341cam--2200385---4500 001 990000675750203316 005 20170302103402.0 035 $a0067575 035 $aUSA010067575 035 $a(ALEPH)000067575USA01 035 $a0067575 100 $a20011015d1975----km-y0itay5003----ba 101 0 $aita 102 $aIT 105 $aaf||||||001yy 200 1 $aArchivio vescovile di Ravello$eatti diversi a. 1220-1753$fa cura di Bianca Mazzoleni 210 $aSalerno$cGrafica Jannone$d[dopo il 1975] 215 $a94 p., IV carte di tav.$cill.$d24 cm 300 $aIn testa al frontespizio: Associazione Ravello Nostra 532 1 $aArchivio vescovile di Ravello : atti diversi anni milleduecentoventi-millesettecentocinquantatre 606 0 $aPergamene$xCollezioni [dell'] Archivio vescovile $xRegesti$2BNCF 676 $a016.2824574 702 1$aMAZZOLENI,$bBianca 712 02$aAssociazione Ravello nostra 801 0$aIT$bsalbc$gISBD 912 $a990000675750203316 951 $aI.3.C. 41(C 9 3 74)$b6926 CSSM$cI.3.$d393964 959 $aBK 969 $aUMA 979 $aPATTY$b90$c20011015$lUSA01$h1721 979 $c20020403$lUSA01$h1717 979 $aPATRY$b90$c20040406$lUSA01$h1646 979 $aDILAM$b90$c20070615$lUSA01$h1103 996 $aArchivio vescovile di Ravello$9960972 997 $aUNISA LEADER 02429nam2-2200397---450- 001 990003668750203316 005 20120712123659.0 010 $a978-92-9237-405-1 035 $a000366875 035 $aUSA01000366875 035 $a(ALEPH)000366875USA01 035 $a000366875 100 $a20120607d2011----km-y0itay0103----ba 101 1 $aita 102 $aLU 105 $a||||||||001yy 200 1 $a<>assistenza finanziaria dell'UE ha migliorato la capacità della Croazia di gestire i fondi di post-adesione?$fCorte dei conti europea 210 $aLussemburgo$cUfficio delle pubblicazioni dell'Unione europea$d2011 215 $a49 p.$cill.$d30 cm 225 2 $aRelazione speciale$v14 330 $aLa Corte ha concluso che l'assistenza preadesione dell'UE ha contribuito in maniera significativa ai progressi compiuti dalla Croazia nel rafforzamento della propria capacità di gestire i fondi UE, fondi che saranno di maggiore entità una volta che la Croazia sarà divenuta Stato membro. L'assistenza finanziaria è stata ben pianificata, tenendo conto degli insegnamenti tratti dai precedenti allargamenti. Tuttavia, gli obiettivi dell'assistenza non sono stati pienamente conseguiti e sono necessari ulteriori sforzi in termini di rafforzamento della capacità. Le raccomandazioni della Corte vanno incontro all'esigenza di rafforzare l'assistenza per quanto riguarda la capacità in materia di appalti, gli organismi regionali, la preparazione dei progetti, i programmi di sviluppo rurale e le misure anti-corruzione, nonché all'esigenza, per la Commissione, di gestire l'assistenza preadesione ad altri paesi traendo insegnamento dall'esperienza acquisita in Croazia. [Abstract tratto dalla pubblicazione] 410 0$1001000351941$aRelazione speciale 606 0 $aAdesione$yPaesi dell'Europa orientale$2BNCF 676 $a327.17094 699 $a01.09$bAdesione all'Unione europea 710 02$aCorte dei conti europea$0541549 801 0$aIT$bsalbc$gISBD 856 4 $uhttp://eca.europa.eu$4.$zAccesso libero online 912 $a990003668750203316 951 $aCDE 01.09 (XLIII)$bCDE 2838$cCDE 01.09$d00184994 959 $aBK 969 $aCDE 979 $aMARIAS$b90$c20120607$lUSA01$h1450 979 $aMARIAS$b90$c20120712$lUSA01$h1237 996 $aAssistenza finanziaria dell'UE ha migliorato la capacità della Croazia di gestire i fondi di post-adesione$91141190 997 $aUNISA